000 00422nam a22001457a 4500
008 140130b xxu||||| |||| 00| 0 eng d
020 _a0-281-04580-1
050 _aBT1102.D269 1992
100 _aDawes, Hugh
_97443
245 _aFreeing the Faith
_ba credible Christianity for today
_cHugh Dawes
260 _aLondon
_bSPCK
_c1992
300 _ax, 129p. ;
_c22cm.
650 _aApologetics
_97444
942 _2lcc
_cMONOGRAPH
999 _c119805
_d119805